Ciencias 9 : texto /
| Huvudupphovsman: | |
|---|---|
| Materialtyp: | Bok |
| Språk: | spanska |
| Publicerad: |
San José, Costa Rica :
Editorial de la Universidad de Costa Rica,
1997
|
| Serie: | Hacia el siglo XXI
|
| Ämnen: |
MARC
| LEADER | 00000nam a2200000 4500 | ||
|---|---|---|---|
| 008 | 191127b1997 cr ||||| |||| 00| | spa d | ||
| 999 | |c 3808 |d 3808 | ||
| 020 | |a 9977674337 | ||
| 090 | |a 06.03.07 |b 11 | ||
| 100 | |9 4633 |a León Azofeifa, Pedro | ||
| 245 | 1 | 0 | |a Ciencias 9 : texto / |c Pedro León Azofeifa |
| 260 | |a San José, Costa Rica : |b Editorial de la Universidad de Costa Rica, |c 1997 | ||
| 300 | |a 224 páginas | ||
| 490 | |a Hacia el siglo XXI | ||
| 650 | 1 | 4 | |9 996 |a ENSEÑANZA DE LAS CIENCIAS |
| 650 | 1 | 4 | |9 456 |a EDUCACIÓN SECUNDARIA |
| 942 | |i 00623 |h 06.03.07 11 |2 z |c 01 | ||
